000 01709nam a22002777a 4500
005 20180605125557.0
008 090408t xxu||||| |||| 00| 0 hin d
010 _aHIN-97323 B-689830-831 बलिदानी B-694162 राष्ट्रपति-2
020 _c300.00
_a9789380944029
035 _aHN-69669
035 _aB-694162
035 _aB-689830-831
037 _bDBAD / PUB
037 _bप्रवीण
040 _aDPL
_bHN
082 _a954
100 _927482
_aचंदेल,रूपसिंह
245 _aबिठूर के क्रांतिकारी /
_cरूपसिंह चंदेल
260 _bओरियंटल बुक्स
_c2012
_c2015
_c2013 राष्ट्रपति-2
_aनई दिल्ली
270 _a4760-61,द्वितीय तल 23,अंसारी रोड़
_bनई दिल्ली
_e110002
300 1 _a175पृ.
_c22सेमी (सजिल्द)
500 _aबलिदानी / राष्ट्रपति-2
942 _adpl
_cHN
_2ddc
_mचंदेल
_h
999 _c71390
_d71390